[Event "Budapest FS09 FM-A"]
[Site "Budapest"]
[Date "2012.09.08"]
[Round "8"]
[White "Trajber, Csaba"]
[Black "Faellman, Micael"]
[Result "1/2-1/2"]
[WhiteElo "2018"]
[BlackElo "2059"]
[PlyCount "50"]
[EventDate "2012.09.01"]
[EventType "tourn"]
[EventRounds "11"]
[EventCountry "HUN"]
[SourceTitle "CBM 150 Extra"]
[Source "ChessBase"]
[SourceDate "2012.10.19"]
[SourceVersion "1"]
[SourceVersionDate "2012.10.19"]
[SourceQuality "1"]

1. e4 e5 2. Nf3 Nc6 3. d4 exd4 4. Nxd4 Nf6 5. Nxc6 bxc6 6. e5 Qe7 7. Qe2 Nd5 8. c4 Nb6 9. b3 a5 10. g3 a4 11. Bb2 axb3 12. axb3 Rxa1 13. Bxa1 Qb4+ 14. Nd2 Qa3 15. Qd1 Bb4 16. Bd3 Qa5 17. Ke2 d6 18. f4 0-0 19. Nf3 dxe5 20. fxe5 Nd7 21. Qc2 h6 22. Bd4 c5 23. Ba1 Bb7 24. Rd1 Qa8 25. Nh4 Re8 1/2-1/2

[Event "Budapest FS09 FM-A"]
[Site "Budapest"]
[Date "2012.09.03"]
[Round "3"]
[White "Faellman, Micael"]
[Black "Bohus, Adam"]
[Result "1/2-1/2"]
[WhiteElo "2059"]
[BlackElo "1750"]
[PlyCount "75"]
[EventDate "2012.09.01"]
[EventType "tourn"]
[EventRounds "11"]
[EventCountry "HUN"]
[SourceTitle "CBM 150 Extra"]
[Source "ChessBase"]
[SourceDate "2012.10.19"]
[SourceVersion "1"]
[SourceVersionDate "2012.10.19"]
[SourceQuality "1"]

1. d4 d5 2. Nf3 Nf6 3. c4 dxc4 4. e3 e6 5. Bxc4 c5 6. 0-0 a6 7. Qe2 b5 8. Bd3 cxd4 9. Rd1 Be7 10. exd4 Bb7 11. Nc3 0-0 12. a3 Nbd7 13. Bc2 Nb6 14. Bg5 Bd5 15. Ne5 Nbd7 16. Nxd5 Nxd5 17. Nc6 Qe8 18. Nxe7+ Nxe7 19. Qd3 f5 20. Re1 Nd5 21. Bb3 Qg6 22. Bd2 N7b6 23. Rac1 Rac8 24. Rc5 Kh8 25. Rec1 Qf6 26. h3 h6 27. Bxd5 exd5 28. Bf4 Qe6 29. b3 Rfe8 30. Qf3 Kh7 31. h4 Rxc5 32. dxc5 Nd7 33. c6 Ne5 34. Bxe5 Qxe5 35. h5 Rc8 36. c7 f4 37. Qg4 Rxc7 38. Qg6+ 1/2-1/2

[Event "Budapest FS09 FM-A"]
[Site "Budapest"]
[Date "2012.09.01"]
[Round "1"]
[White "Faellman, Micael"]
[Black "Hilbenz, Guntram"]
[Result "1/2-1/2"]
[WhiteElo "2059"]
[BlackElo "1924"]
[PlyCount "34"]
[EventDate "2012.09.01"]
[EventType "tourn"]
[EventRounds "11"]
[EventCountry "HUN"]
[SourceTitle "CBM 150 Extra"]
[Source "ChessBase"]
[SourceDate "2012.10.19"]
[SourceVersion "1"]
[SourceVersionDate "2012.10.19"]
[SourceQuality "1"]

1. d4 d6 2. c4 e5 3. Nf3 Nd7 4. Nc3 Ngf6 5. e4 Be7 6. Be2 0-0 7. 0-0 c6 8. Rb1 a6 9. b4 b5 10. dxe5 dxe5 11. c5 a5 12. a3 axb4 13. axb4 Qc7 14. Qc2 Bb7 15. Bb2 Rfe8 16. Rfd1 Nf8 17. Rd2 Rad8 1/2-1/2

[Event "Olomouc op"]
[Site "Olomouc"]
[Date "2010.08.05"]
[Round "2"]
[White "Krapivin, Vladislav"]
[Black "Faellman, Micael"]
[Result "1-0"]
[WhiteElo "2362"]
[BlackElo "2096"]
[PlyCount "78"]
[EventDate "2010.08.04"]
[EventType "swiss"]
[EventRounds "9"]
[EventCountry "CZE"]
[SourceTitle "CBM 137 Extra"]
[Source "ChessBase"]
[SourceDate "2010.09.01"]
[SourceVersion "1"]
[SourceVersionDate "2010.09.01"]
[SourceQuality "1"]

1. e4 e5 2. Nc3 Nf6 3. Nf3 Nc6 4. Bb5 Nd4 5. Ba4 Bc5 6. Nxe5 0-0 7. Nd3 Bb6 8. e5 Ne8 9. Nd5 c6 10. Ne3 d6 11. c3 Nf5 12. Bc2 dxe5 13. Nxe5 Nxe3 14. fxe3 Qg5 15. Nf3 Qxg2 16. Bxh7+ Kh8 17. Rg1 Qh3 18. Bd3 Bg4 19. Be2 Nf6 20. d3 Rfe8 21. Rg3 Qh5 22. Nd4 Qxh2 23. Rxg4 Nxg4 24. Bxg4 Bxd4 25. cxd4 Qg1+ 26. Kd2 Qxe3+ 27. Kc3 Qg3 28. Bd2 c5 29. d5 Qe5+ 30. Kc2 Qxd5 31. Bf3 Qd7 32. Qh1+ Kg8 33. Be4 Rad8 34. Qh7+ Kf8 35. Qh8+ Ke7 36. Bg5+ Kd6 37. Bf4+ Ke7 38. Qxg7 Rc8 39. Rf1 Rf8 1-0